Sports Quiz

Random Sports or Baseball Quiz

Opening Day Lineups: Rays Quiz Stats

 Plays Quiz Updated Apr 2, 2018

Challenge
Share
Tweet
Embed
Score 0/210 Timer 13:00
3 Plays Today
Year Player % Correct
2012Evan Longoria
94.2%
2009Evan Longoria
94.2%
2010Evan Longoria
94.2%
2013Evan Longoria
94.1%
2014Evan Longoria
93.9%
2011Evan Longoria
93.5%
2015Evan Longoria
93.5%
2016Evan Longoria
93.1%
2017Evan Longoria
91.6%
2009Carl Crawford
88.1%
2010Carl Crawford
88.1%
2008Carl Crawford
88.1%
2007Carl Crawford
88.1%
2006Carl Crawford
88.1%
2005Carl Crawford
88.1%
2004Carl Crawford
88.1%
2003Carl Crawford
88.1%
2010Carlos Pena
86%
2009Carlos Pena
86%
2008Carlos Pena
86%
2011David Price
83.9%
2013David Price
83.9%
2014David Price
83.1%
2012Carlos Pena
79.6%
2010B.J. Upton
79.6%
2008B.J. Upton
79.6%
2007B.J. Upton
79.6%
2018Chris Archer
77.4%
2012James Shields
75.1%
2013Ben Zobrist
74.6%
2008James Shields
74.6%
2009James Shields
74.6%
2010James Shields
74.6%
2012Ben Zobrist
74.1%
2011Ben Zobrist
73.8%
2014Ben Zobrist
73.7%
2011B.J. Upton
73.2%
2017Chris Archer
72.8%
2016Chris Archer
72.3%
1998Wade Boggs
71.9%
1999Wade Boggs
71.9%
2010Ben Zobrist
71.5%
2007Ben Zobrist
71.5%
2015Chris Archer
69.4%
2013Kelly Johnson
66%
2006Scott Kazmir
65.5%
2007Scott Kazmir
65.5%
2012Elliot Johnson
65.4%
2011Dan Johnson
64.8%
2018Kevin Kiermaier
63.7%
1998Fred McGriff
63.6%
2001Fred McGriff
63.6%
2000Fred McGriff
63.6%
1999Fred McGriff
63.6%
2017Mallex Smith
63%
2013Jose Molina
58.3%
2008Jason Bartlett
58.1%
2009Jason Bartlett
58.1%
2010Jason Bartlett
58.1%
2017Kevin Kiermaier
57.7%
2014Jose Molina
57.6%
2018Wilson Ramos
57.5%
2012Jose Molina
57.3%
2016Kevin Kiermaier
57.1%
2017Logan Morrison
57%
2013Desmond Jennings
56.7%
2017Brad Miller
56.7%
2010Dioner Navarro
56.6%
2009Dioner Navarro
56.6%
2008Dioner Navarro
56.6%
Year Player % Correct
2007Dioner Navarro
56.6%
2016Brad Miller
56%
2012Desmond Jennings
55.9%
2014Desmond Jennings
55.9%
2018Carlos Gomez
54.5%
2012Sean Rodriguez
54.4%
2015Kevin Kiermaier
53.5%
2015Desmond Jennings
53.1%
2016Logan Morrison
52.8%
2014James Loney
52.2%
2013James Loney
52%
2000Jose Canseco
51.8%
1999Jose Canseco
51.8%
2016Desmond Jennings
51.6%
2007Rocco Baldelli
51.1%
2004Rocco Baldelli
51.1%
2003Rocco Baldelli
51.1%
2011Manny Ramirez
51%
2010Sean Rodriguez
50.7%
2017Steven Souza Jr.
50.7%
2006Aubrey Huff
50.1%
2005Aubrey Huff
50.1%
2004Aubrey Huff
50.1%
2003Aubrey Huff
50.1%
2015James Loney
49.3%
2016Steven Souza Jr.
48.5%
2009Akinori Iwamura
47.7%
2007Akinori Iwamura
47.7%
2008Akinori Iwamura
47.7%
2015Asdrubal Cabrera
47%
2017Corey Dickerson
46.9%
2015Steven Souza Jr.
46.9%
2001Bobby Smith
46.8%
2002Bobby Smith
46.8%
2011Matt Joyce
46.7%
2012Matt Joyce
46.2%
2018Matt Duffy
45.6%
2013Matthew Joyce
45.1%
2014Matt Joyce
44.2%
2016Corey Dickerson
43.7%
2013Yunel Escobar
43.7%
2014Yunel Escobar
43.4%
2016Logan Forsythe
43.3%
2002Greg Vaughn
42.9%
2001Greg Vaughn
42.9%
2000Greg Vaughn
42.9%
1998Dave Martinez
42.7%
2000Dave Martinez
42.7%
1999Dave Martinez
42.7%
2004Tino Martinez
42.7%
2001Felix Martinez
42.6%
2001Gerald Williams
42.6%
2000Gerald Williams
42.6%
2011Johnny Damon
42.5%
2010Pat Burrell
42.3%
2009Pat Burrell
42.3%
2018Adeiny Hechavarria
42.1%
2007Delmon Young
42.1%
2015John Jaso
41.9%
2014Wil Myers
41.3%
2015Logan Forsythe
41.2%
2018C.J. Cron
40.8%
2003Albert Martin
39.5%
2011John Jaso
39.5%
2018Denard Span
37.8%
2017Tim Beckham
37.3%
2006Travis Lee
37%
2005Travis Lee
37%
2003Travis Lee
37%
2005Alex Gonzalez
36.6%
Year Player % Correct
2003Toby Hall
35.1%
2002Toby Hall
35.1%
2006Toby Hall
35.1%
2005Toby Hall
35.1%
2004Toby Hall
35.1%
2009Matt Joyce
34.1%
2018Daniel Robertson
32.7%
2006Julio Lugo
32.6%
2005Julio Lugo
32.6%
2004Julio Lugo
32.6%
2017Derek Norris
31.6%
2013Sam Fuld
30.4%
2004Victor Zambrano
30.2%
2015Rene Rivera
29.9%
2014David DeJesus
29.7%
2001Vinny Castilla
29.6%
2006Jonny Gomes
27.6%
2006Jorge Cantu
27.6%
2005Jorge Cantu
27.6%
1998Wilson Alvarez
26.4%
1999Wilson Alvarez
26.4%
1998John Flaherty
26%
2001John Flaherty
26%
2000John Flaherty
26%
1999John Flaherty
26%
2001Albie Lopez
26%
2008Willy Aybar
25.8%
2004Rey Sanchez
25.7%
1999Randy Winn
25.6%
2002Randy Winn
25.6%
2016Hank Conger
24.9%
2011Reid Brignac
24.7%
2008Cliff Floyd
24.7%
1998Quinton McCracken
23.7%
2018Rob Refsnyder
23.4%
2003Ben Grieve
23.2%
2002Ben Grieve
23.2%
2001Ben Grieve
23.2%
1998Kevin Stocker
22.5%
2000Kevin Stocker
22.5%
1999Kevin Stocker
22.5%
2002Chris Gomez
21.5%
1998Miguel Cairo
20.9%
2000Miguel Cairo
20.9%
1999Miguel Cairo
20.9%
2012Jeff Keppinger
20.7%
2008Eric Hinske
20.6%
2009Gabe Gross
20.4%
2007Ty Wigginton
19.7%
2004Jose Cruz
19.6%
2003Rey Ordonez
19.4%
1998Paul Sorrento
17.9%
1999Paul Sorrento
17.9%
2003Joe Kennedy
17.7%
2007Elijah Dukes
16.6%
2005Dewon Brazelton
16.6%
2003Brent Abernathy
16.5%
2002Brent Abernathy
16.5%
2002Tanyon Sturtze
15.9%
2002Jason Tyner
15.6%
2002Steve Cox
15.6%
2001Steve Cox
15.6%
1998Mike Kelly
15.3%
2006Joey Gathright
15.2%
2006Damon Hollins
13.4%
2000Steve Trachsel
12.9%
2005Josh Phelps
12.8%
2004Damian Rolls
12.7%
2000Herbert Perry
10.9%
2005Chris Singleton
9.2%

You're not logged in!

Compare scores with friends on all Sporcle quizzes.
OR
Log In

You Might Also Like...

Show Comments

Extras

Top Quizzes Today


Score Distribution

Your Account Isn't Verified!

In order to create a playlist on Sporcle, you need to verify the email address you used during registration. Go to your Sporcle Settings to finish the process.

Report this User

Report this user for behavior that violates our Community Guidelines.

Details: